| 000 | 00716nam a2200205Ia 4500 | ||
|---|---|---|---|
| 003 | GCL | ||
| 008 | 140319s9999 xx 000 0 ara d | ||
| 040 |
_aGCL / _cGCL |
||
| 082 | 0 | 4 |
_a341.3 _bع ع |
| 100 | 1 | _aعادل حسين | |
| 245 | 1 | 0 |
_aالعلاقات الاقتصادية بين مصر واسرائيل / _cعادل حسين |
| 260 |
_a[S.N] : _bمؤسسة الدراسات الفلسطينية ، _c1984 |
||
| 300 | _a70 ص | ||
| 490 |
_aاوراق مؤسسة الدراسات الفلسطسينية _v0 |
||
| 650 | 0 | 4 | _aمصر |
| 650 | 0 | 4 | _aاسرائيل |
| 650 | 0 | 4 | _aمصر - العلاقات الدولية - اسرائيل |
| 650 | 0 | 4 | _aالعلاقات الاقتصادية |
| 942 |
_2ddc _cBK |
||
| 999 |
_c40458 _d40458 |
||